Normal view
MARC view
Entry Topical Term
001 - CONTROL NUMBER
- control field: 3138
003 - CONTROL NUMBER IDENTIFIER
- control field: ARRUPE
005 - DATE AND TIME OF LATEST TRANSACTION
- control field: 20131104170652.0
008 - FIXED-LENGTH DATA ELEMENTS
- fixed length control field: 131104|| aca||aabn | a|a d
040 ## - CATALOGING SOURCE
- Original cataloging agency: ARRUPE
- Transcribing agency: ARRUPE
150 ## - HEADING--TOPICAL TERM
- Topical term or geographic name as entry element: Judaism
- General subdivision: Relations
- General subdivision: Christianity.
670 ## - SOURCE DATA FOUND
- Source citation: Work cat.: (ARRUPE)0: Robinson, Thomas A. (Thomas Arthur), 1951- 3134, Ignatius of Antioch and the parting of the ways :, 2009.